MARC

LEADER 00000nas a2200000 i 4500
001 ssj0000392731
003 WaSeSS
005 20200512172242.0
006 m d
007 cr n
008 930915c19uu9999pl qr pss 0 b0eng c
010 |a  2015254110 
016 7 |a 9412992  |2 DNLM 
016 7 |a SR0070648  |2 DNLM 
016 7 |a 011787934  |2 Uk 
022 |a 1854-2476  |l 0351-0026  |y 0351-0026 
030 |a ZDVAFY 
035 |a (WaSeSS)ssj0000392731 
040 |a Nz  |b eng  |e pn  |c UX1  |d OCLCF  |d OCLCO  |d CUS  |d RDF  |d CUS  |d OCLCO  |d OCLCQ  |d DLC  |d OCLCO  |d OCLCA  |d OCLCQ  |d OCLCO  |d WY@  |d U3W  |d OCLCO  |d OCLCA  |d BUF  |d OCLCO  |d CRU  |d OCLCA  |d OCLCO  |d WYU  |d OCLCO  |d OCLCA  |d VT2  |d NLM  |d WaSeSS 
041 0 |a eng  |a slv 
042 |a pcc 
043 |a e-xv--- 
050 0 0 |a RA523.S57 
050 1 4 |a RA523.S57  |b Z37 
060 0 0 |a W1  |b ZD872Q 
130 0 |a Zdravstveno varstvo. 
210 0 0 |a Zdrav Var 
222 0 |a Slovenian journal of public health  |b (Online ed.) 
245 1 0 |a Slovenian journal of public health  |h [electronic resource]. 
246 1 1 |a Zdravstveno varstvo 
246 1 |a SJPH 
260 |a Ljubljana :  |b Univerzitetni Zavod Za Zdravstveno In Socialno Varstvo 
260 2 |3 <2013-> :  |a Ljubljana :  |b Inštitut za varovanje zdravja Republike Slovenije 
260 3 |a [Warsaw, Poland] :  |b Sciendo 
310 |a Quarterly,  |b <2010-> 
321 |a Monthly,  |b <1991-> 
500 |a Print version published: Ljubljana : Univerzitetni zavod za zdravstveno in socialno varstvo, <1991-> 
506 |a License restrictions may limit access. 
546 |a Chiefly in Slovenian, some in English, 1991- ; in English, with summaries in English and Slovenian, <2010-2015> 
550 |a Journal of: Univerzitetni zavod za zdravstveno in socialno varstvo, <1991->; National Institute of Public Health, <2010-2016> 
588 |a Description based on: Volume 49, issue 1 (Mar 2010); title from issue contents page (De Gruyter Online, viewed March 29, 2016). 
588 |a Latest issue consulted: Volume 55, issue 1 (Mar 2016) (De Gruyter Online, viewed March 29, 2016). 
650 0 |a Public health  |z Slovenia  |v Periodicals. 
650 0 |a Public health  |v Periodicals. 
650 7 |a Public health.  |2 fast  |0 (OCoLC)fst01082238 
650 2 |a Public Health. 
651 7 |a Slovenia.  |2 fast  |0 (OCoLC)fst01212712 
651 2 |a Slovenia. 
655 0 |a Electronic journals. 
710 2 |a Univerzitetni zavod za zdravstveno in socialno varstvo (Ljubljana, Slovenia) 
710 2 |a Inštitut za varovanje zdravja Republike Slovenije. 
776 0 8 |i Print version:  |t Zdravstveno varstvo  |x 0351-0026  |w (DLC) 93646158  |w (OCoLC)28826195 
850 |a DLC 
856 4 0 |z Full text available from Research Library: 01/01/2010 to present  |u https://search.proquest.com/publication/2026663